000 00483nam a2200181Ia 4500
008 240925s9999 xx 000 0 und d
020 _a9781516532698
082 _a519.02462 SAN
100 _aSanchez, Juana
245 0 _aProbability for data scientists
250 _a1st
260 _aSan Diego:
_bCognella Academic Publishing
_c2018
300 _a169p.
_bNA
_fNA
500 _aIncludes Index
600 _aHumanities & Natural Science
650 _aMathematics
942 _cBK
999 _c18210
_d18210